000 00333nam a2200145Ia 4500
100 _aHallmark/ C.
650 _aElectrical Engineering
942 _cBK
654 _aoseillosecope
245 _aUnderstanding & using the oscilloscope
260 _bTab. Books
_aUSA
_c1977
082 _a621.38
300 _a272
546 _aENGLISH
999 _c34544
_d34544